Voos com origem em Porto Velho (PVH) - Statistics

Estatísticas Gerais
  • Esse quiz foi jogado 9 vezes
  • A pontuação média é 6 de 10
Estatísticas das Respostas
Cia aérea Destino % Correto
Gol, LATAM Brasília
100%
Azul, Gol Manaus
100%
LATAM São Paulo-Guarulhos
100%
Azul Belo Horizonte-Confins
78%
Azul Cuiabá
67%
Azul Recife
56%
Azul Conecta Vilhena
56%
Azul Conecta Ji-Paraná
33%
Azul Conecta Lábrea
11%
Azul Conecta Pimenta Bueno
11%
Nenhum quiz correspondente encontrado
Distribuição das Pontuações
Porcentagem de Pessoas com Cada Pontuação
Percentil de Números Respondidos
Sua Pontuação Histórica
Você não jogou esse quiz